| 000 | 00420 a2200157 4500 | ||
|---|---|---|---|
| 001 | 154017 | ||
| 040 | _cEscola São Tomás de Aquino | ||
| 100 | _aHERR, Nicole | ||
| 240 | 1 | 0 |
_a100 fichas práticas para explorar o jornal na sala de aula _lpor |
| 245 | 1 | 0 | _a100 fichas práticas para explorar o jornal na sala de aula |
| 300 | _a158 | ||
| 362 | 0 | _a1997 | |
| 440 | 1 | _aDimensão | |
| 697 | _aEducação | ||
| 942 | _cBK | ||
| 999 |
_c154017 _d154017 |
||